Las escalas de la historia comparada

Guardat en:
Dades bibliogràfiques
Format: Llibre
Idioma:espanyol
Publicat: Buenos Aires Miño y Dávila 2008
Matèries:
Etiquetes: Afegir etiqueta
Sense etiquetes, Sigues el primer a etiquetar aquest registre!

MARC

LEADER 00000nam a2200000 a 4500
001 UCG6854
003 CL-VaPUC
008 110520e20080000AG |||||||||||||||||spa|d
020 |a 9788496571709t.1 
020 |a 9788496571907t.2 
082 0 4 |a 320.9  |b ESC  |2 21 
245 1 4 |a Las escalas de la historia comparada 
300 |a t 
942 |c BK 
945 |d 20110520 00:00:00  |a jcampos 
260 |a Buenos Aires  |b Miño y Dávila  |c 2008 
500 |a t.1: Dinámicas sociales, poderes políticos y sistemas jurídicos 
500 |a t.2: Empresas y empresarios, la cuestión regional 
600 0 7 |a BONAUDO, MARTA  |2 CL-VaPUC  |9 557303 
600 0 7 |a REGUERA, ANDREA  |2 CL-VaPUC  |9 557304 
600 0 7 |a ZEBERIO, BLANCA  |2 CL-VaPUC  |9 557305 
600 0 7 |a BANDIERI, SUSANA  |2 CL-VaPUC  |9 557306 
600 0 7 |a BLANCO, GRACIELA  |2 CL-VaPUC  |9 557307 
600 0 7 |a BLANCO, MONICA  |2 CL-VaPUC  |9 557308 
650 0 |a Historia política  |9 256974 
650 7 |a CONDICIONES POLITICAS  |2 CL-VaPUC  |9 392006 
650 0 |a Sistemas sociales  |9 308361 
650 7 |a HISTORIA COMPARADA  |2 CL-VaPUC  |9 557309 
650 0 |a Historia regional  |9 538846 
650 7 |a MUNDO EMPRESARIAL  |2 CL-VaPUC  |9 557310 
583 |a last modification  |c 20110520 00:00:00  |k Rodrigo Vera 
999 |c 344985  |d 344983 
952 |0 0  |1 0  |4 0  |6 320_900000000000000_ESC_2008  |7 0  |8 A  |9 443354  |a BIBHIS  |b BIBHIS  |d 2019-11-22  |h t.1  |i 4779290  |o 320.9 ESC 2008  |p 4779290  |r 2025-01-20  |w 2019-11-22  |y BK  |k HIS 
952 |0 0  |1 0  |4 0  |6 320_900000000000000_ESC_2008  |7 0  |8 A  |9 443355  |a BIBHIS  |b BIBHIS  |d 2019-11-22  |h t.2  |i 4779304  |o 320.9 ESC 2008  |p 4779304  |r 2025-01-20  |w 2019-11-22  |y BK  |k HIS